宮沢賢治『雨ニモマケズ』 - Statistics

General Stats
  • This quiz has been taken 413 times
  • The average score is 38 of 94
Answer Stats
# % Correct
1 雨ニモ
100%
2 マケズ
99%
4 マケズ
99%
3 風ニモ
98%
6 夏ノ
84%
7 暑サニモ
83%
10 カラダヲ
77%
11 モチ
77%
9 丈夫ナ
76%
5 雪ニモ
70%
8 マケヌ
68%
93 ワタシハ
65%
94 ナリタイ
64%
32 ヨク
63%
91 サウイフ
59%
92 モノニ
58%
13 ナク
57%
16 イツモ
57%
19 ヰル
57%
12 慾ハ
56%
14 決シテ
56%
17 シヅカニ
56%
18 ワラッテ
56%
45 東ニ
56%
52 西ニ
55%
26 タベ
54%
15 瞋ラズ
51%
69 北ニ
51%
20 一日ニ
50%
24 少シノ
50%
21 玄米
49%
48 アレバ
49%
55 アレバ
49%
61 南ニ
49%
64 アレバ
49%
72 アレバ
49%
25 野菜ヲ
47%
22 四合ト
44%
23 味噌ト
43%
63
40%
49 行ッテ
38%
56 行ッテ
38%
65 行ッテ
38%
54
35%
68 イヒ
34%
75 イヒ
34%
46 病気ノ
33%
85 デクノボート
33%
86 ヨバレ
32%
74 ヤメロト
30%
47 コドモ
29%
51 ヤリ
29%
50 看病シテ
28%
73 ツマラナイカラ
28%
57 ソノ
27%
84 ミンナニ
27%
89 クニモ
27%
27 アラユル
26%
28 コトヲ
26%
35 ソシテ
26%
53 ツカレタ
26%
88 セズ
26%
90 サレズ
26%
33 ミキキシ
25%
30 カンジョウニ
24%
31 入レズニ
24%
34 ワカリ
24%
36 ワスレズ
24%
70 ケンクヮヤ
24%
83 アルキ
24%
43 小屋ニ
23%
60 負ヒ
23%
76 ヒドリノ
23%
87 ホメラレモ
23%
39 林ノ
22%
41 小サナ
22%
62 死ニサウナ
22%
71 ソショウガ
22%
80 サムサノ
22%
82 オロオロ
22%
44 ヰテ
21%
58 稲ノ
21%
59 朿ヲ
21%
78 ナミダヲ
21%
79 ナガシ
21%
81 ナツハ
21%
37 野原ノ
20%
38 松ノ
20%
40 蔭ノ
20%
77 トキハ
20%
29 ジブンヲ
19%
42 萓ブキノ
19%
66 コハガラナクテモ
19%
67 イヽト
19%
No matching quizzes found
Score Distribution
Percent of People with Each Score
Percentile by Number Answered
Your Score History
You have not taken this quiz